Statistics for Biggest Cities in Maine

Click here to take the quiz!

General Stats

  • This quiz has been taken 1,741 times
    (712 since last reset)
  • The average score is 8 of 20

Answer Stats

TypePopulationCountyCity% Correct
City66,417CumberlandPortland
97%
City18,681KennebecAugusta
85%
City31,997PenobscotBangor
85%
City35,944AndroscogginLewiston
64%
City25,606CumberlandSouth Portland
59%
Town12,529YorkYork
48%
Town10,798YorkKennebunk
41%
City23,196AndroscogginAuburn
40%
City19,748YorkSaco
38%
City21,514YorkBiddeford
34%
Town20,278CumberlandBrunswick
33%
City16,646KennebecWaterville
31%
Town10,362PenobscotOrono
29%
City21,183YorkSanford
28%
City18,974CumberlandWestbrook
27%
Town18,919CumberlandScarborough
24%
Town11,185CumberlandFalmouth
24%
Town17,001CumberlandWindham
19%
Town16,381CumberlandGorham
19%
Town10,139CumberlandStandish
10%

Score Distribution

Percentile by Number Answered

Percent of People with Each Score

Your Score History

You have not taken this quiz since the last reset